000 00590nam a2200217Ii 4500
003 JO-AjNU
008 230606s9999||||xx |||||||||||||| ||und||
020 _a978-93-5014-375-9
040 _aJO-AjNU
_beng
_erda
_cJO-AjNU
041 _aeng
050 1 4 _aTA405.2013
100 3 _aChakraborti,
_eauthor
_93897
245 0 0 _aStrength of materilas
250 _a1 ed
264 3 1 _aNewdelhi:s.K KATARIA SONS,2013
300 _a981p
336 _atext
_btxt
_2rdacontent
337 _aunmediated
_bn
_2rdamedia
338 _avolume
_bnc
_2rdacarrier
650 4 _aStrength of materilas
_93898
999 _aE2032
_c2031
_d2031